| 000 | 00516ntaaa2200205 4500 | ||
|---|---|---|---|
| 003 | 01 | ||
| 005 | 20251027201421.0 | ||
| 008 | 0714s1973 ag 01 | ||
| 040 |
_aAR-BaBN _bspa _cAR-BaBN _eaacr _dRIC |
||
| 082 | _a270.6000 Er5 | ||
| 100 |
_aErlanger, Philippe _912667 |
||
| 245 | _aSt. Bartholomew's night | ||
| 250 | _a1 ed. | ||
| 260 |
_as.l : _bPantheon Books, _c1962 |
||
| 300 | _axiii, 285 p | ||
| 650 | _aHistoria Eclesiastica | ||
| 650 |
_aReforma _95724 |
||
| 650 |
_aHugonotes-Francia _912668 |
||
| 942 | _cBK | ||
| 999 |
_c8690 _d8690 |
||